Slovanstvo ve svých zpěvech ; sborník národních a znárodnělých (významných) písní všech slovanských národů.

Bibliographic Details
Other Authors: Kuba, Ludvík, 1863-1956
Format: Musical Score Book
Language:Slavic (Other)
Czech
Published: V Pardubicích, Nákl. vydavatelovým : V komissi F. Hoblíka, 1884-between 8800 and 8899.
Subjects:

MARC

Tag First Indicator Second Indicator Subfields
LEADER 00000ccm a2200000I 4500
001 in00001656821
005 20151023093611.0
008 780717m1884 cs fm n sla
010 |a m 60000149  
035 |a (OCoLC)ocm04060088 
040 |a DLC  |c IXA  |d IXA  |d IUG  |d TXA  |d UtOrBLW 
041 0 |a sla  |a cze 
048 |b vh01  |a ka01 
049 |a TXAM 
050 0 0 |a M1704  |b .K93 
245 0 0 |a Slovanstvo ve svých zpěvech ;  |b sborník národních a znárodnělých (významných) písní všech slovanských národů. 
264 1 |a V Pardubicích, Nákl. vydavatelovým :  |b V komissi F. Hoblíka,  |c 1884-between 8800 and 8899. 
300 |a volumes in ;  |c 28 cm. 
336 |a notated music  |b ntm  |2 rdacontent 
337 |a unspecified  |b z  |2 rdamedia 
338 |a unspecified  |b zu  |2 rdacarrier 
500 |a Volumes 11- have subtitle: Sborník písní všech národů slovanských s původními teksty a českými překlady, with imprint: Praha, Hudební matice Umělecké besedy. 
500 |a Principally for voice and piano. 
505 0 |a Kniha 1. Písně české.--kniha 2. Písně moravské.--kniha 3. Písně slovenské.--kniha 4. Písně polské.--kniha 5. Písně lužické.--kniha 6. Písně ruské.--kniha 7. [Písně] slovinské.-- kniha 9. [Písně] charvatské.--kniha 10. Písně dalmatské.--[kniha 11. Písně] srbské.--[kniha 12] Písně bosensko-hercegovské.--kniha 13. Písně ze starého srbska.--kniha 14. Písně makedonské. 
536 |a From the Library of Professor Horace G. Lunt. October 2000. 
650 0 |a Folk songs, Slavic. 
700 1 |a Kuba, Ludvík,  |d 1863-1956. 
948 |a cataloged  |b h  |c 2001/11/19  |d c  |e spoltoratski  |f 10:52:25 am 
994 |a E0  |b TXA 
999 |a MARS 
999 f f |s 013e5d05-e2d1-3d8e-a2b8-d2c60d2048db  |i 1acfb698-a8a2-3e5a-934e-93f5d3d4d914  |t 0 
952 f f |p normal  |a Texas A&M University  |b College Station  |c Sterling C. Evans Library  |d Evans: Library Stacks  |t 0  |e M1704 .K93  |h Library of Congress classification  |i unspecified -- unspecified  |k kn.8  |m A14828291973 
998 f f |a M1704 .K93  |s kn.8  |t 0  |l Evans: Library Stacks